Two nanoscale self-assembling biomorphic systems: SiO2 nanorings and SiO2-carbonate crystals; 2nd International Symposium on Nanoscience and Nanomaterials SINN, Ensenada, Baja California, Mexico, March 4-8, 2012, CNyN-UNAM, "Welcome to the Bionanotechnology Group"

Dettagli Bibliografici
Parent link:2nd International Symposium on Nanoscience and Nanomaterials SINN, Ensenada, Baja California, Mexico, March 4-8, 2012, CNyN-UNAM, "Welcome to the Bionanotechnology Group".— 2013.— P. 28-29
Altri autori: Moreno A., Martynyuk O. A. Oksana Anatolievna, Bogdanchikova N., Ruiz F., Zepeda T., Avalos M. B., Pestryakov A. N. Aleksey Nikolaevich, Luna R. V. G., Huerta-Saquero A.
Riassunto:В фонде НТБ ТПУ отсутствует
Lingua:inglese
Pubblicazione: 2013
Soggetti:
Natura: MixedMaterials Capitolo di libro
KOHA link:https://koha.lib.tpu.ru/cgi-bin/koha/opac-detail.pl?biblionumber=599824

MARC

LEADER 00000naa0a2200000 4500
001 599824
005 20250122112314.0
035 |a (RuTPU)RU\TPU\tpu\23963 
035 |a RU\TPU\tpu\23960 
090 |a 599824 
100 |a 20131114d2013 k||y0rusy50 ba 
101 0 |a eng 
102 |a MX 
200 1 |a Two nanoscale self-assembling biomorphic systems: SiO2 nanorings and SiO2-carbonate crystals  |f A. Moreno [et al.] 
333 |a В фонде НТБ ТПУ отсутствует 
463 |t 2nd International Symposium on Nanoscience and Nanomaterials SINN, Ensenada, Baja California, Mexico, March 4-8, 2012, CNyN-UNAM, "Welcome to the Bionanotechnology Group"  |v P. 28-29  |d 2013 
610 1 |a труды учёных ТПУ 
701 1 |a Moreno  |b A. 
701 1 |a Martynyuk  |b O. A.  |c chemist  |c Researcher of Tomsk Polytechnic University, Candidate of chemical sciences  |f 1982-  |g Oksana Anatolievna  |3 (RuTPU)RU\TPU\pers\31284  |4 070  |9 15462 
701 1 |a Bogdanchikova  |b N. 
701 1 |a Ruiz  |b F. 
701 1 |a Zepeda  |b T. 
701 1 |a Avalos  |b M. B. 
701 1 |a Pestryakov  |b A. N.  |c Chemist  |c Professor of Tomsk Polytechnic University, Doctor of Chemical Science  |f 1963-  |g Aleksey Nikolaevich  |3 (RuTPU)RU\TPU\pers\30471  |4 070  |9 14796 
701 1 |a Luna  |b R. V. G. 
701 1 |a Huerta-Saquero  |b A. 
801 1 |a RU  |b 63413507  |c 20131114 
801 2 |a RU  |b 63413507  |c 20131114  |g RCR 
942 |c BK